000
00467nam a2200133Ia 4500
008
100328s9999 xx 000 0 und d
082
_b
72766
100
_a
नाटेकर महेंद्र
245
_a
शैक्षणिक युद्धभूमीवर
260
_b
अथर्व
630
_a
शैक्षणिक युद्धभूमीवर
730
_a
शैक्षणिक युद्धभूमीवर
942
_c
BOOK
999
_c
558487
_d
558484